header

Art, science, and art therapy (Record no. 711)

MARC details
000 -LEADER
fixed length control field 01292nam a2200349 a 4500
082 04 - DEWEY DECIMAL CLASSIFICATION NUMBER
Classification number 615.85156
100 1# - MAIN ENTRY--AUTHOR NAME
Personal name Kaplan, Frances.
245 10 - TITLE STATEMENT
Title Art, science, and art therapy
260 ## - PUBLICATION, DISTRIBUTION, ETC. (IMPRINT)
Place of publication Philadelphia, Pa. ;
-- London :
Name of publisher Jessica Kingsley Publishers,
Year of publication 2000.
300 ## - PHYSICAL DESCRIPTION
Number of Pages 124 p. :
Other physical details ill.
650 #0 - SUBJECT ADDED ENTRY--TOPICAL TERM
Topical Term Art and science.
Topical Term Art therapy
856 40 - ELECTRONIC LOCATION AND ACCESS
Uniform Resource Identifier http://site.ebrary.com/lib/rucke/Doc?id=5004030

No items available.

© 2026 Rongo University
Contact us: librarian | system librarian | Rongo university